000 01025cam a2200301 i 4500
001 bg
003 BPK
005 20191002090811.0
008 951010s1984 pl f f |000 0 pol
020 _a8301009918
040 _cBPK
041 0 _apl
080 _a53
080 _a(075.8)
100 1 _aHerman, Marian Augustyn
_d(1936-2015).
_eAutor
245 1 0 _aPodstawy fizyki dla kandydatów na wyższe uczelnie /
_cMarian Herman, Andrzej Kalestyński, Leszek Widomski.
250 _aWyd.4.
260 _aWarszawa :
_bPaństw. Wydaw. Naukowe,
_c1984.
300 _a569 s. :
_brys. ;
_c24 cm.
504 _aBibliogr. przy rozdz. - Indeks.
650 4 _aFizyka
_xszkoły wyższe.
655 _aPodręcznik
700 1 _aKalestyński, Andrzej
_d(1927-2016).
_eAutor
700 1 _aWidomski, Leszek.
_eAutor
710 2 _aWydawnictwo Naukowe PWN
_4pbl.
856 _uhttp://koha.tu.koszalin.pl/cgi-bin/koha/opac-detail.pl?biblionumber=39782
_yKatalog online BPK
942 _cKS
_2UKD
999 _c39782
_d39782